|
|
|
|
| LEADER |
00000cam a2200000 4500 |
| 001 |
vtls012263105 |
| 003 |
SK-MaSNL |
| 005 |
20260426020650.0 |
| 008 |
240903s2024 xo oabcf f 000 0 slo |
| 015 |
|
|
|a SNBA2025/02
|
| 020 |
|
|
|a 9788057059639
|q (brožované)
|
| 040 |
|
|
|a SNK
|b slo
|c SNK
|e rda
|
| 041 |
0 |
|
|a slo
|a eng
|
| 043 |
|
|
|a e-xo---
|
| 044 |
|
|
|a xo
|c SK
|
| 072 |
|
7 |
|a 796
|x Šport. Hry. Telesné cvičenia
|2 konspekt
|
| 080 |
|
|
|a 796.52
|2 2011
|
| 080 |
|
|
|a 796.526
|2 2011
|
| 080 |
|
|
|a (437.642)
|2 2011
|
| 080 |
|
|
|a (036)913
|2 2011
|
| 100 |
1 |
|
|a Linek, Vladimír,
|d 1964-
|4 aut
|4 trl
|4 pht
|4 bkd
|4 ctg
|9 217584
|
| 245 |
1 |
0 |
|a Skaly na Slovensku
|b lezecký sprievodca
|n VI
|p Banská Bystrica
|n I
|c Vladimír Linek a kol. ; preklad Matej Duda, Jana Edwards, Zuzana Greksáková, Vladimír Linek, Hana Šuhajdová
|
| 246 |
3 |
0 |
|a Banská Bystrica
|
| 246 |
3 |
0 |
|a Lezecký sprievodca
|
| 246 |
3 |
0 |
|a Rock climbing guide
|
| 246 |
1 |
|
|i Obálkový podnázov:
|a Harmanec, Krpcovo, Jelenec, Šturec
|
| 250 |
|
|
|a 1. vydanie
|
| 264 |
|
1 |
|a Bratislava
|b Vladimír Linek
|c 2024
|
| 300 |
|
|
|a 334 strán
|b farebné fotografie, ilustrácie, mapy, portréty
|c 21 cm
|
| 336 |
|
|
|a text
|b txt
|2 rdacontent
|
| 336 |
|
|
|a statický obraz
|b sti
|2 rdacontent
|
| 337 |
|
|
|a bez média
|b n
|2 rdamedia
|
| 338 |
|
|
|a zväzok
|b nc
|2 rdacarrier
|
| 546 |
|
|
|a Súbežný názov a text v angličtine
|
| 650 |
0 |
7 |
|a horolezectvo
|2 SNKPH
|9 1050
|
| 650 |
0 |
7 |
|a skalné lezenie
|2 SNKPH
|9 1569
|
| 650 |
0 |
7 |
|a Hill climbing
|2 SNKPHeng
|9 276193
|
| 650 |
0 |
7 |
|a Rock climbing
|2 SNKPHeng
|9 370243
|
| 650 |
0 |
7 |
|a lezenie
|2 SNKPH
|9 114291
|
| 650 |
0 |
7 |
|a Climbing
|2 SNKPHeng
|9 373535
|
| 651 |
|
7 |
|a Banská Bystrica (Slovensko : okres)
|2 SNKPHgeo
|9 74246
|
| 651 |
|
7 |
|a Banská Bystrica (Slovensko)
|2 SNKPHeng
|9 22015
|
| 655 |
|
7 |
|a turistickí sprievodcovia (publikácie)
|2 SNKPH
|9 191298
|
| 655 |
|
7 |
|a Tourist guides
|2 SNKPHeng
|9 274119
|
| 700 |
1 |
|
|a Lovás, Jozef
|4 aut
|4 pht
|9 373536
|
| 700 |
1 |
|
|a Šuhajda, Jakub
|4 aut
|4 pht
|9 769066
|
| 700 |
1 |
|
|a Duda, Matej
|4 trl
|9 373537
|
| 700 |
1 |
|
|a Edwards, Jana
|4 trl
|9 373538
|
| 700 |
1 |
|
|a Greksáková, Zuzana,
|d 1987-
|4 trl
|9 198641
|
| 700 |
1 |
|
|a Šuhajdová, Hana
|4 trl
|9 373539
|
| 700 |
1 |
|
|a Lineková, Anna
|4 ctg
|9 373540
|
| 852 |
|
|
|a Slovenská národná knižnica
|
| 919 |
|
|
|a 978-80-570-5963-9
|
| 954 |
|
|
|a odborná, vedecká literatúra pôvodná (slovenská)
|2 lita
|
| 954 |
|
|
|a iná literatúra (príručky, kuchárske knihy, hobby literatúra, sprievodcovia) pôvodná (slovenská)
|2 lita
|
| 999 |
|
|
|c 1217671
|d 1219601
|
| 952 |
|
|
|a SNK
|b SNK
|y PREZ
|7 0
|p 17A1549846
|o snkSC 208171
|i snk2024/15442
|8 0
|0 0
|1 0
|4 0
|d 2024-10-07
|l 0
|r 2025-10-31 00:00:00
|w 2026-02-24
|